00281cam a22000977a 4500008004000000020001500040245004200055260003900097500002500136700002200161180718b2001 xxu||||| |||| 00| 0 eng d a8178810379 aIT sectorcedited by A.V. Vedpuriswar aHyderabadbICFAI Univ. Pressc2001 aContents: v.1. 194p. aVedpuriswar, A.V.